Normal view
MARC view
- Yoruba(African people)-History-social lif and customs-politics and government
Entry Topical Term
001 - CONTROL NUMBER
- control field: 6135
003 - CONTROL NUMBER IDENTIFIER
- control field: JO-AjAnu
005 - DATE AND TIME OF LATEST TRANSACTION
- control field: 20230606071309.0
008 - FIXED-LENGTH DATA ELEMENTS
- fixed length control field: 230606|| aca||aabn | a|a d
040 ## - CATALOGING SOURCE
- Original cataloging agency: JO-AjAnu
- Transcribing agency: JO-AjAnu
150 ## - HEADING--TOPICAL TERM
- Topical term or geographic name entry element: Yoruba(African people)-History-social lif and customs-politics and government
670 ## - SOURCE DATA FOUND
- Source citation: Work cat.: (JO-AjAnu)3180: Usman,Aribidesi/ Falola Toyin, author 6134, The Yoruba from Prehistory to the Present